Statistics for Confederate States on the U.S. States Map

Click here to take the quiz!

General Stats

  • This quiz has been taken 42 times
  • The average score is 16 of 17

Answers on the Map

Answers color-coded by a green-red scale on the quiz's map according to % correct below.
Loading ...
 

Answer Stats

State% Correct
Missouri
100%
Texas
100%
North Carolina
97%
Tennessee
97%
South Carolina
97%
Oklahoma
97%
Alabama
97%
Mississippi
97%
Louisiana
97%
Kentucky
97%
Georgia
97%
Florida
97%
Arkansas
97%
Virginia
97%
New Mexico
94%
Arizona
92%
Nevada
69%

Score Distribution

Percentile by Number Answered

Percent of People with Each Score

Your Score History

You have not taken this quiz